Statistiken für Größte deutsche Städte innerhalb von 50 Kilometern

Klicken Sie hier um das Quiz zu spielen!

Allgemein

  • Dieses Quiz wurde 7.612 mal gespielt
  • Das Durchschnittsergebnis liegt bei 34 aus 56

Antworten auf der Karte

Die Antworten werden auf der Karte rot bzw. grün angezeigt, abhängig davon wie oft sie richtig erraten wurden.
 

Antwortstatistiken

BevölkerungStadt% Korrekt
3 520 031Berlin
99%
1 787 408Hamburg
97%
1 450 381München
97%
557 464Bremen
96%
732 688Frankfurt am Main
93%
58 092Frankfurt (Oder)
93%
246 306Kiel
92%
1 060 582Köln
92%
623 738Stuttgart
91%
543 825Dresden
89%
586 181Leipzig
87%
178 151Saarbrücken
87%
509 975Nürnberg
85%
532 163Hannover
84%
612 178Dortmund
81%
206 011Rostock
79%
210 118Erfurt
77%
92 138Schwerin
76%
226 393Freiburg im Breisgau
75%
235 723Magdeburg
75%
245 885Aachen
74%
286 374Augsburg
72%
114 025Bremerhaven
72%
84 694Flensburg
71%
305 780Mannheim
65%
248 645Chemnitz
63%
307 755Karlsruhe
63%
122 636Ulm
63%
216 253Lübeck
62%
197 984Kassel
59%
333 090Bielefeld
57%
82 859Konstanz
57%
145 465Regensburg
57%
251 364Braunschweig
56%
310 039Münster
56%
132 438Ingolstadt
53%
124 873Würzburg
53%
50 566Passau
52%
114 914Trier
51%
99 491Cottbus
50%
112 586Koblenz
49%
50 694Emden
40%
26 821Garmisch-Partenkirchen
37%
58 041Stralsund
36%
55 255Görlitz
35%
60 889Rosenheim
35%
67 253Fulda
33%
83 628Gießen
33%
65 624Kempten (Allgäu)
29%
102 355Siegen
29%
63 602Neubrandenburg
27%
58 465Offenburg
23%
67 509Landshut
22%
40 269Stendal
16%
42 217Nordhausen
15%
41 817Weiden in der Oberpfalz
14%

Verteilung der Resultate

Perzentil nach korrekt beantworteten Fragen

Anzahl Personen mit jedem Resultat

Ihre Resultats-Entwicklung

Sie haben dieses Quiz noch nicht gespielt